Cultural Studies; (Record no. 191225)

MARC details
000 -LEADER
fixed length control field 00585nam a22001817a 4500
005 - DATE AND TIME OF LATEST TRANSACTION
control field 20220823125120.0
010 ## - LCCN (DPL NO)
LC control number ENG-134554
020 ## - INTERNATIONAL STANDARD BOOK NUMBER
International Standard Book Number 9788171922000
Terms of availability 395.00
035 ## - SYSTEM CONTROL NUMBER
System control number EN-118086
037 ## - SOURCE OF ACQUISITION
Source of stock number/acquisition DBAD/PUB
082 ## - DEWEY DECIMAL CLASSIFICATION NUMBER
Classification number 306.071
100 ## - MAIN ENTRY--PERSONAL NAME
Personal name Banerjee, Prantik
245 ## - TITLE STATEMENT
Title Cultural Studies;
Remainder of title Texts and Contexts
Statement of responsibility, etc Prantik Banerjee
260 ## - PUBLICATION, DISTRIBUTION, ETC. (IMPRINT)
Place of publication, distribution, etc Maharastra
Name of publisher, distributor, etc DATTSONS Publications
Date of publication, distribution, etc 2021
270 ## - ADDRESS
Address Jawaharlal nehru Marg, sadar,
City Nagpur
Postal code 440001
Electronic mail address dattsonspublishers@ gmail.com
300 ## - PHYSICAL DESCRIPTION
Extent vi: 254p.
Other physical details Index
Dimensions 22cm(pbk)
942 ## - ADDED ENTRY ELEMENTS (KOHA)
Source of classification or shelving scheme Dewey Decimal Classification
Item type English Books
Classification part 306.071
Call number suffix BAN
Holdings
Withdrawn status Lost status Not for loan Collection code Home library Current library Date acquired Source of acquisition Cost, normal purchase price Full call number Barcode Copy number Cost, replacement price Koha item type
      Non-fiction Ashok Vihar Ashok Vihar 23/08/2022 DBAD/PUB 395.00 306.071 BAN EN-118086 1 395.00 English Books

© Delhi Public Library
Hit Counter
free hit counter